000 00849nas a2200289 4500
001 BR9903974
003 BR-BrBNA
005 20231205101527.0
007 ta
008 230509b bl.|||p| |||| 00| 00por d
040 _aBR-BrBNA
_bpor
_cBiblioteca Nacional de Agricultura
041 _a(Pt)
072 _aF02
100 1 _aNakamura, C.H.
100 1 _aScarpare Filho, J.A.
100 1 _aKluge, R.A.
245 1 _aAvaliacao preliminar do umezeiro como porta-enxerto para pessegueiro e nectarineira
650 _aPessego
650 _aDamasco
650 _aNectarina
650 _aPorta Enxerto
650 _aBorbulhia
650 _aSao Paulo
773 0 _tRevista Brasileira de Fruticultura (Brazil)
_xISSN 0100-2945
_g(Aug 1999), v. 21(2) p. 116-118
_wBR9903974
909 _a202311
_bLúcia
_c55
_dLúcia Elande
942 _2AGRIS
_n0
_cANA
999 _c162328
_d162328